Поздравительные и благодарственные телеграммы императора Александра III, императрицы Марии Федоровны и вел. кн. Михаила Александ...

RUSMARC
00005806nac2a22003853x 450
001259a9a68-f14d-4e76-99a5-3c966cfed037
00520240723152909.0
100##$a20240716l18811885k y0rusy50 ca
1010#$arus
$afre
$ager
102##$aRU
105##$ay z |||||
1222#$ad18811231
$ad18851231
2001#$aПоздравительные и благодарственные телеграммы императора Александра III, императрицы Марии Федоровны и вел. кн. Михаила Александровича Лорис-Меликову М. Т.
$j1881 - 1885
215##$a6 листов
$d37 х 24,5
251##$cДело
300##$aЗаголовок дела на папке: Поздравительные и благодарственные телеграммы имп. Александра III, Марии Федоровны и в. к. Михаила Александровича Лорис-Меликову М. Т.
300##$aВ деле имеются телеграммы
300##$aЧасть текста на французском и немецком языках
300##$aРукописный и типографский текст
325##$aЗамикрофильмировано
330##$aВходит в раздел описи: Разные материалы
461#0$1001cda3d175-ae4a-411a-8dea-9cc20fb178f6
$12001
$aЛорис-Меликов Михаил Тариелович, граф, министр внутренних дел, главный начальник "верховной распорядительной комиссии по охранению государственного порядка и общественного спокойствия", генерал от кавалерии
$1251
$cФонд
$1852
$j569
462#0$1001163e060a-d7cc-404d-90ee-e28c9801971b
$12001
$aОпись дел фонда М. Т. Лорис-Меликова за 1858-1915 гг.
$vД. 298
$1251
$cОпись
$1852
$j1
5171#$aПоздравительные и благодарственные телеграммы имп. Александра III, Марии Федоровны и в. к. Михаила Александровича Лорис-Меликову М. Т.
600#1$aЛорис-Меликов
$bМ. Т.
$gМихаил Тариелович
600#0$aАлександр
$cимп.
$dIII
600#0$aМария Федоровна
$cимп.
600#0$aМихаил Александрович
$cвел. кн.
605##$3DITM\AF\0000002775
$aВласть
$lколлекция
$2acquisition_prlib
6101#$aПоздравительные телеграммы
$aБлагодарственные телеграммы
686##$a63.3(2)535-332ю1
$cИстория
$2rubbk
686##$a67.400.6ю1
$cПраво
$2rubbk
801#0$aRU
$bGA_RF
801#1$aRU
$bГлавНИВЦ
$c20240716
$2rusmarc
801#2$aRU
$bПБ им. Б.Н. Ельцина
$c20240723
$gRCR
$2rusmarc
852##$aГА РФ
$j298
937##$d193081573
$hГАРФ
035##$aRuPRLIB51076812
856##$uhttp://readingroom.main.prlib.ru/item.aspx?id_node=n193081573&mode=full
Формат отображения